Normal view
MARC view
- شاكر، محمود
Entry Personal Name
001 - CONTROL NUMBER
- control field: 51504
003 - CONTROL NUMBER IDENTIFIER
- control field: JO-AjAnu
005 - DATE AND TIME OF LATEST TRANSACTION
- control field: 20230606082455.0
008 - FIXED-LENGTH DATA ELEMENTS
- fixed length control field: 230606|| aca||aabn | a|a d
040 ## - CATALOGING SOURCE
- Original cataloging agency: JO-AjAnu
- Transcribing agency: JO-AjAnu
100 ## - HEADING--PERSONAL NAME
- Personal name: شاكر، محمود
670 ## - SOURCE DATA FOUND
- Source citation: Work cat.: (JO-AjAnu)26326: شاكر، محمود, author, القاعدة الذهبية في القطع المكافىء والمنحنى التكعيبي: نسب الأجزاء: معلومات عن الدائرة والمضلعات ومسائل عليها المثلث والحجوم الدورانية = New Laws And Theories In Mathematics، الجزء الأول